000 00820cam a2200241 4500
001 J1234
008 090401t1992 xxu||||| |||| 00| 0 eng d
035 _a(Sirsi) u42425
041 _aeng
110 _aEurope
_bEuropean Communities Council
_92364
245 _aCouncil Regulation (EEC) No. 2296/92 of 31 July 1992 laying down certain rules of application of the use of land set aside for the provision of materials for the manufacture within the Community of products not primarily intended for human or animal consumption.
260 _c1992
300 _a(3)p. ; 30cm.
350 _a0
490 _aRegulation (EEC)
_v2296/92
650 _aEC REGULATIONS
650 _aFARMLAND
650 _aRAW MATERIALS
650 _aSET-ASIDE
690 _aEUROPE-SINGLE MARKET
942 _n0
948 _c04/03/1997
999 _c91110
_d91110